Shoot. Dive. Fly.: (Record no. 160330)

MARC details
000 -LEADER
fixed length control field 00766nam a22001937a 4500
005 - DATE AND TIME OF LATEST TRANSACTION
control field 20190205112146.0
010 ## - LCCN (DPL NO)
LC control number B-713103
020 ## - INTERNATIONAL STANDARD BOOK NUMBER
International Standard Book Number 9780143428671
Terms of availability 199.00
035 ## - SYSTEM CONTROL NUMBER
System control number B-713103
037 ## - SOURCE OF ACQUISITION
Source of stock number/acquisition RK Books
082 ## - DEWEY DECIMAL CLASSIFICATION NUMBER
Classification number 355.10954
100 ## - MAIN ENTRY--PERSONAL NAME
Personal name Rawat, Rachna Bisht
245 ## - TITLE STATEMENT
Title Shoot. Dive. Fly.:
Remainder of title Stories of Grit and Adventure from the Indian Army /
Statement of responsibility, etc Rachna Bisht Rawat
260 ## - PUBLICATION, DISTRIBUTION, ETC. (IMPRINT)
Place of publication, distribution, etc Gurgaon (Haryana)
Name of publisher, distributor, etc Penguin Books
Date of publication, distribution, etc 2017
270 ## - ADDRESS
Address 7th Floor, Infinity Tower C, DLF Cyber City
City Gurgaon (Haryana)
Postal code 122002
300 ## - PHYSICAL DESCRIPTION
Extent 236p.
Dimensions 20cm(pbk)
942 ## - ADDED ENTRY ELEMENTS (KOHA)
Source of classification or shelving scheme Dewey Decimal Classification
Item type English Books
Call number suffix RAW
Classification part 355.10954
Holdings
Withdrawn status Lost status Not for loan Collection code Home library Current library Date acquired Source of acquisition Cost, normal purchase price Full call number Barcode Copy number Cost, replacement price Koha item type
      Non-fiction Ashok Vihar Ashok Vihar 05/02/2019 RK Books/IN2882/18-19/16-01-19/565/07-01-19/04-02-19 199.00 355.10954 RAW B-713103 1 199.00 English Books

© Delhi Public Library
Hit Counter
free hit counter